000 00217nam a22000857a 4500
008 160630b xxu||||| |||| 00| 0 eng d
100 _91506
_aThani, V
245 _aCricket Skills & Rules
260 _aN.D
_b Khel Sahitya
_c2005
999 _c1241
_d1241